Schalke 04 Scorers in Bundesliga 2019-20 - Statistics

General Stats
  • This quiz has been taken 71 times
  • The average score is 5 of 11
Answer Stats
Player Goals % Correct
Amine Harit 6
78%
Suat Serdar 7
71%
Salif Sané 2
54%
Benito Raman 4
52%
Weston McKennie 3
49%
Daniel Caligiuri 2
48%
Rabbi Matondo 2
44%
Jonjoe Kenny 2
37%
Ahmed Kutucu 3
33%
Michael Gregoritsch 1
30%
Ozan Kabak 3
30%
No matching quizzes found
Score Distribution
Percent of People with Each Score
Percentile by Number Answered
Your Score History
You have not taken this quiz